000 00669nam a2200205Ia 4500
003 GCL
008 140319s9999 xx 000 0 ara d
040 _aGCL /
_cGCL
082 0 4 _aق
_b962.074
_bح خ
100 1 _aحسين العشى
245 1 0 _aخفايا حصار السويس: مائة يوم مجهولة فى حرب اكتوبر 1973 /
_cحسين العشى
260 _a[S.N] :
_bدار الحرية للصحافة والطباعة والنشر ،
_c1990
300 _a292 ص
490 _aكتاب الحرية
_v0
650 0 4 _aمصر
650 0 4 _aالتاريخ
650 0 4 _aالسويس
650 0 4 _aحرب اكتوبر 1973
942 _2ddc
_cBK
999 _c57898
_d57898